000 00941nam a2200229Ia 4500
001 557
003 GE_BSU
008 181216s||||||||xx |||||||||||||| ||und||
040 _cGE_BSU
080 _a616–884(075.8)
100 _aვეფხვაძე, ნინო
245 _aპრევენციული მედიცინა
245 _bსახელმძღვანელო უმაღლ. სამედიცინო სასწავლებლის სტუდენტებისა და და მაგისტრებისათვის
245 _cრედ. გელაშვილი კლარა
260 _aთბილისი
260 _bთბილისის სახ. უნივერსიტეტი
260 _c2009
300 _a456 გვ.
541 _h20 ლ.
653 _aპრევენციული მედიცინა
942 _cBK
999 _c34759
_d34759